| 000 | 01033nam a2200289 4500 | ||
|---|---|---|---|
| 001 | 177422 | ||
| 003 | ES-MaACL | ||
| 005 | 20230907130053.0 | ||
| 008 | 110322s2008 sp |||| | spa d | ||
| 017 | _aNA 2352-2008 | ||
| 020 | _a9788431325640 | ||
| 080 | _a821.134.2 Quevedo, Francisco de 1.07 | ||
| 080 | _a821.134.2 Valle-Inclán, Ramón del 1.07 | ||
| 100 | 1 |
_aSwansey, Bruce. _9145795 |
|
| 245 | 1 | 0 |
_aBarroco y vanguardia _b: de Quevedo a Valle-Inclán / _cBruce Swansey. |
| 250 | _a1ª ed. | ||
| 260 |
_aBarañáin, Navarra : _bEUNSA, _c2008. |
||
| 300 |
_a173 p. ; _c24 cm. |
||
| 490 | 1 |
_aAnejos de La Perinola ; _v19 |
|
| 504 | _aBibliografía: p. [163]-173. | ||
| 600 | 1 | 7 |
_aQuevedo, Francisco de- _xCrítica e interpretación. _994593 |
| 600 | 1 | 4 |
_aValle-Inclán, Ramón del, _d1866-1936- _xCrítica e interpretación _9112800 |
| 830 | 0 |
_aAnejos de La Perinola ; _v19 _9224182 |
|
| 852 |
_aES-MaACL _9184240 _bR.144708 _jA-11064 _dOlim: N-4069 _cDEPO1 |
||
| 942 | _2udc | ||
| 999 |
_c177422 _d177422 |
||